000 01065 a2200217 4500
005 2008091506246.0
008 080915t xxu||||| |||| 00| 0 hin d
010 _aHIN-80851
020 _a8170168228
_c100.00
035 _aHN-53197
037 _bD.B.Act / pub
082 _a250.33
100 _aश्रवण कुमार
245 _aदिव्य पुरूषःमहात्मा गौतम बुद्ध
_cश्रवण कुमार
246 _aDivya Purush : Mahatma Gautam Buddh
_bby Shrawan Kumar
260 _aनई दिल्ली
_bकिताब घर
_c2007
300 _a120पृ
_c22 सेमी (सजिल्द)
270 _a24/4855, अंसारी रोड, दरियागंज
_bनई दिल्ली
_e110002
942 _adpl
_cHN
_k250.33 / श्रवण
_2ddc
_h250.33
_mश्रवण
999 _c7178
_d7178